|
|
|
|
| LEADER |
01349nam a2200373Ia 4500 |
| 001 |
EBC661468 |
| 003 |
MiAaPQ |
| 005 |
20200520144314.0 |
| 006 |
m o d | |
| 007 |
cr cn||||||||| |
| 008 |
101220s2011 nju s 001 0 eng d |
| 010 |
|
|
|z 2010053528
|
| 020 |
|
|
|z 9780470905319
|
| 035 |
|
|
|a (MiAaPQ)EBC661468
|
| 035 |
|
|
|a (Au-PeEL)EBL661468
|
| 035 |
|
|
|a (CaPaEBR)ebr10449741
|
| 035 |
|
|
|a (CaONFJC)MIL302674
|
| 035 |
|
|
|a (OCoLC)705538445
|
| 040 |
|
|
|a MiAaPQ
|c MiAaPQ
|d MiAaPQ
|
| 050 |
|
4 |
|a HD1393.25
|b .N46 2011
|
| 082 |
0 |
4 |
|a 658.1/64
|2 22
|
| 100 |
1 |
|
|a Nemethy, Les.
|
| 245 |
1 |
0 |
|a Business exit planning
|h [electronic resource] :
|b options, value enhancement, and transaction management for business owners /
|c Les Nemethy.
|
| 260 |
|
|
|a Hoboken, N.J. :
|b John Wiley & Sons,
|c c2011.
|
| 300 |
|
|
|a xx, 187 p.
|
| 490 |
1 |
|
|a Wiley finance series
|
| 500 |
|
|
|a Includes index.
|
| 533 |
|
|
|a Electronic reproduction. Ann Arbor, MI : ProQuest, 2015. Available via World Wide Web. Access may be limited to ProQuest affiliated libraries.
|
| 650 |
|
0 |
|a Sale of business enterprises.
|
| 650 |
|
0 |
|a Business enterprises
|x Finance.
|
| 655 |
|
4 |
|a Electronic books.
|
| 710 |
2 |
|
|a ProQuest (Firm)
|
| 830 |
|
0 |
|a Wiley finance series.
|
| 856 |
4 |
0 |
|u https://ebookcentral.proquest.com/lib/matrademy/detail.action?docID=661468
|z Click to View
|